|
|
|
|
| LEADER |
00000nam0a2200000 4500 |
| 001 |
348445 |
| 005 |
20231102010117.0 |
| 035 |
|
|
|a (RuTPU)RU\TPU\retro\112
|
| 090 |
|
|
|a 348445
|
| 100 |
|
|
|a 20180219d1965 k y0rusy50 ca
|
| 101 |
0 |
|
|a rus
|
| 102 |
|
|
|a RU
|
| 105 |
|
|
|a y dm 001zy
|
| 200 |
1 |
|
|a Характеристики широких атмосферных ливней с фиксированным числом мюонов высокой энергии
|e автореферат диссертации на соискание ученой степени кандидата физико-математических наук
|f А. Т. Абросимов
|g Московский государственный университет им. М. В. Ломоносова (МГУ), Научно-исследовательский институт ядерной физики им. Д. В. Скобельцына (НИИЯФ) ; науч. рук. Г. Б. Христиансен
|
| 210 |
|
|
|a Москва
|c [Б. и.]
|d 1965
|
| 215 |
|
|
|a 15 с.
|
| 300 |
|
|
|a Защита сост. в октябре 1965 г.
|
| 320 |
|
|
|a Библиогр.: с. 14-15 (21 назв.)
|
| 606 |
1 |
|
|a Электронно-фотонные ливни
|x Образование
|2 stltpush
|3 (RuTPU)RU\TPU\subj\20423
|9 45527
|
| 610 |
1 |
|
|a атмосферные ливни
|
| 610 |
1 |
|
|a мюоны
|
| 610 |
1 |
|
|a фиксированное число
|
| 610 |
1 |
|
|a характеристики
|
| 610 |
1 |
|
|a параметры
|
| 610 |
1 |
|
|a измерение
|
| 610 |
1 |
|
|a авторефераты диссертаций
|
| 675 |
|
|
|a 539.124.17(04)
|v 4
|
| 700 |
|
1 |
|a Абросимов
|b А. Т.
|
| 702 |
|
1 |
|a Христиансен
|b Г. Б.
|4 727
|
| 712 |
0 |
2 |
|a Московский государственный университет им. М. В. Ломоносова (МГУ)
|b Научно-исследовательский институт ядерной физики им. Д. В. Скобельцына (НИИЯФ)
|2 stltpush
|3 (RuTPU)RU\TPU\col\11923
|
| 801 |
|
1 |
|a RU
|b 63413507
|c 20180219
|
| 801 |
|
2 |
|a RU
|b 63413507
|c 20220804
|g RCR
|
| 942 |
|
|
|c BK
|